Reflexiones sobre la democracia LTDA. en América Latina

Guardado en:
Bibliografiske detaljer
Hovedforfatter: Fals Borda, Orlando
Format: Texto
Udgivet: Panamá: Universidad de Panamá
Tags: Tilføj Tag
Ingen Tags, Vær først til at tagge denne postø!

MARC

LEADER 00000 a a2200000 04500
001 21506
003
040
090 |a 095000  
100 |a Fals Borda, Orlando  
245 |a Reflexiones sobre la democracia LTDA. en América Latina  
260 |a Panamá:   |b Universidad de Panamá  
300 |a 9 p.  
999 |c 1138  |d 1138